NCAA D1 Teams: Starting with the Letter C or D Quiz Stats

 Plays Quiz not verified by Sporcle

Score 0/25 Timer 05:00
0 Plays Today
Hint Nick-Name/School(s) % Correct
CCougars: BYU, Charleston, Chicago State, Houston, Washington State, Southern Illinois-Edwardsville
88%
CCardinal: Stanford
83%
CCardinals: Ball State, Incarnate Word, Louisville, Lamar
83%
CCrimson: Harvard
76.1%
CCowboys: McNeese, Oklahoma State, Wyoming
75.7%
CCrimson Tide: Alabama
75.3%
DDemon Deacons: Wake Forest
74.1%
CCatamounts: Vermont, Western Carolina
71.4%
CCavaliers: Virginia
69.1%
DDucks: Oregon
66%
DDukes: Duquesne, James Madison
64.5%
CCyclones: Iowa State
64.1%
DDemons: Northwestern State
64.1%
Hint Nick-Name/School(s) % Correct
DDragons: Drexel
62.2%
CChippewas: Central Michigan
60.6%
CCommodores: Vanderbilt
57.1%
CColonials: George Washington, Robert Morris
56.8%
CCornhuskers: Nebraska
56.4%
CColonels: Eastern Kentucky, Nicholls State
56%
CChanticleers: Coastal Carolina
52.9%
DDelta Devils: Mississippi Valley State
51.4%
CCrusaders: Holy Cross, Valparaiso
50.6%
DDons: San Francisco
48.6%
CCoyotes: South Dakota
46.3%
DDolphins: Jacksonville
42.9%

You're not logged in!

Compare scores with friends on all Sporcle quizzes.
OR
Log In

You Might Also Like...

Show Comments

Extras

Top Quizzes Today


Score Distribution

Your Account Isn't Verified!

In order to create a playlist on Sporcle, you need to verify the email address you used during registration. Go to your Sporcle Settings to finish the process.

Report this User

Report this user for behavior that violates our Community Guidelines.

Details: